000 01160nam a2200409 a 4500
003 AR-BaBNM
005 20251128204804.0
008 082120s2002 ||||||||||||||000 | spa||
020 _a968-16-0771-6
040 _cAR-BaBNM
100 1 _aSolórzano, Carlos
245 0 0 _aEl teatro hispanoamericano contemporáneo
_bantología. 2
250 _a1ª ed.
260 _aMéxico, D.F.
_bFondo de Cultura Económica
_c1993
300 _a359 p.
490 0 _aColección Popular
_vv. 61
600 1 4 _aAguilera Malta, Demetrio
600 1 4 _aRengifo, César
600 1 4 _aEstorino, Abelardo
600 1 4 _aDomínguez, Franklin
600 1 4 _aMartínez, José de Jesus
600 1 4 _aCuadra, Pablo Antonio
600 1 4 _aBeneke, Walter
650 4 _aLITERATURA MEXICANA
650 4 _aLITERATURA LATINOAMERICANA
650 4 _aLITERATURA CONTEMPORANEA
650 4 _aREVOLUCION
650 4 _aTEATRO
653 _aLITERATURA CUBANA
653 _aLITERATURA NICARAGÜENSE
653 _aLITERATURA GUATEMALTECA
653 _aLITERATURA ECUATORIANA
653 _aLITERATURA VENEZOLANA
655 _aLITERATURA
942 _cBK
998 _cGLORIA
999 _c8834
_d8834